Statistiques concernant Culture Générale - Série 1094

Cliquez ici pour prendre le quiz!

Statistiques générales

  • Ce quiz a été pris 40 fois
  • Le résultat moyen est 5 sur 10

Statistiques - réponses

QuestionRéponse% Correct
La Perse s’appelle aujourd’hui ...Iran
97%
Le Darfour est une région du ...Soudan
70%
La Rhodésie du Sud s’appelle aujourd’hui ...Zimbabwe
65%
La Rhodésie du Nord s'appelle aujourd'hui ...Zambie
59%
La Haute-Volta s’appelle aujourd’hui ...Burkina Faso
57%
Port Moresby est la capitale de la ...Papouasie-Nouvelle-Guinée
51%
Le Dahomey s’appelle aujourd’hui ...Bénin
35%
Le Nyassaland s’appelle aujourd’hui ...Malawi
32%
Quelle est la capitale de la Communauté autonome espagnole de Navarre ?Pampelune
30%
Le plus haut sommet des Pyrénées françaises est le mont ...Vignemale
3%

Distribution des résultats

Percentile par nombre de réponses

% des personnes avec chaque résultat

Votre développement - résultats

Vous n’avez pas pris ce quiz